00736nam a22002057a 450000500170000001000140001702000230003102000260005403500130008003700130009308200120010624500930011826000550021127000450026630000230031170000280033494200260036299900170038895201250040520100724115835.0 aENG-96452 a8187710241c500.00 a9788187710240c500.00 aEN-79985 bDBAD/PUB a280.245 aRevisiting the roots of Judeo-Christianity /cre-edited and revised by Ravi Prakash Arya aHaryanabIndian Foundation For Vedic Sciencec2005 aH.No.1051, sector-1, Rohtak, bHaryana,  a233p.c23cm. (pbk) aArya, Ravi Prakash9737 2ddccENh280.245mREV c37515d37515 001040718NFICaDBADbDBADd2010-07-24eDBAD/PUBg500.00l0o280.245 REVpEN-79985r2010-07-24 00:00:00t1v500.00yEN